Mike Tyson - Pro Boxing Opponents - Statistics

General Stats
  • This quiz has been taken 67 times
  • The average score is 16 of 59
Answer Stats
Date W/L/D Opponent % Correct
15/11/24 LOSS - U/DEC - R8 Jake Paul
89%
28/06/97 LOSS - DQ - R3 [WC] Evander Holyfield
85%
09/11/96 LOSS - TKO - R11 [WC] Evander Holyfield
85%
08/06/03 LOSS - TKO - R8 [WC] Lennox Lewis
76%
11/02/90 LOSS - TKO - R10 [WC] James Douglas
74%
22/01/88 WIN - KO - R4 [WC] Larry Holmes
63%
27/06/88 WIN - TKO - R1 [WC] Michael Spinks
59%
22/11/86 WIN - TKO - R2 [WC] Trevor Berbick
57%
16/03/96 WIN - TKO - R3 [WC] Frank Bruno
48%
25/02/89 WIN - TKO - R5 [WC] Frank Bruno
48%
07/03/87 WIN - U/DEC - R12 [WC] James Smith
46%
20/10/00 NC - Overturned Andrzej Gołota
41%
30/07/04 LOSS - TKO - R4 Danny Williams
41%
30/05/87 WIN - TKO - R6 [WC] Pinklon Thomas
41%
21/07/89 WIN - TKO - R1 [WC] Carl Williams
39%
11/06/05 LOSS - RTD - R6 Kevin McBride
39%
01/08/87 WIN - U/DEC - R12 [WC] Tony Tucker
39%
28/06/93 WIN - U/DEC - R12 Donovan Ruddock
37%
18/03/91 WIN - TKO - R7 Donovan Ruddock
37%
16/01/99 WIN - KO - R1 Francois Botha
35%
19/08/94 WIN - DQ - R1 Peter McNeely
35%
20/05/86 WIN - U/DEC - R10 Mitch Green
28%
21/03/88 WIN - KO - R2 [WC] Tony Tubbs
28%
22/02/03 WIN - KO - R1 Clifford Etienne
26%
09/10/85 WIN - TKO - R1 Donnie Long
22%
24/06/00 WIN - TKO - R1 Lou Savarese
22%
23/10/99 NC - INJ - R1 Orlin Norris
22%
07/09/96 WIN - KO - R1 [WC] Bruce Seldon
20%
16/12/95 WIN - TKO - R3 Buster Mathis
20%
05/09/85 WIN - TKO - R1 Michael Johnson
20%
03/05/86 WIN - U/DEC - R10 James Tillis
17%
16/10/87 WIN - KO - R7 [WC] Tyrell Biggs
17%
06/03/85 WIN - TKO - R1 Hector Mercedes
15%
17/08/86 WIN - TKO - R10 Jose Ribalta
15%
26/07/86 WIN - TKO - R1 Marvis Fraizer
15%
16/06/90 WIN - KO - R1 Henry Tillman
13%
29/01/00 WIN - KO - R2 Julius Francis
13%
13/10/01 WIN - RTD - R6 Brian Nielsen
11%
16/02/86 WIN - DQ - R6 Jesse Ferguson
11%
11/01/86 WIN - TKO - R1 Dave Jaco
9%
23/05/85 WIN - TKO - R4 Don Halpin
9%
13/11/85 WIN - TKO - R1 Eddie Richardson
9%
11/07/85 WIN - RTD - R2 John Alderson
9%
19/07/85 WIN - TKO - R3 Larry Sims
9%
25/10/85 WIN - TKO - R1 Robert Colay
9%
06/12/85 WIN - TKO - R1 Sammy Scaff
9%
10/03/86 WIN - TKO - R3 Steve Zouski
9%
10/04/85 WIN - TKO - R1 Trent Singleton
9%
08/12/90 WIN - KO - R1 Alex Stewart
7%
15/08/85 WIN - TKO - R1 Lorenzo Canady
7%
27/12/85 WIN - TKO - R1 Mark Young
7%
20/06/85 WIN - TKO - R1 Ricky Spain
7%
01/11/85 WIN - TKO - R1 Sterling Benjamin
7%
13/06/86 WIN - TKO - R1 Reggie Gross
4%
22/11/85 WIN - RTD - R2 Conroy Nelson
2%
06/09/86 WIN - TKO - R2 Alfonzo Ratliffe
0%
11/07/86 WIN - TKO - R2 Lorenzo Boyd
0%
24/01/86 WIN - TKO - R5 Mike Jameson
0%
28/06/86 WIN - TKO - R1 William Hosea
0%
No matching quizzes found
Score Distribution
Percent of People with Each Score
Percentile by Number Answered
Your Score History
You have not taken this quiz